00409nam a2200145 a 450008200160000010000140001624500720003026000460010230000090014850000350015750500100019265000260020265000210022870000140024900a294.53bCRO aCrooke, W aIntroduction to the Popular Religion and Folklore of Northern India aMadrasbAsian Educational Services c1994 a420p aincludes index and biblioraphy2 aIndex aFolk Literature-India aHinduism-Rituals1 aCrooke, W